[Event "World Blitz 2023"]
[Site "Samarkand UZB"]
[Date "2023.12.30"]
[Round "13.9"]
[White "Jan-Krzysztof Duda"]
[Black "Javokhir Sindarov"]
[Result "1-0"]
[EventDate "2023.12.29"]
[WhiteElo "2775"]
[BlackElo "2607"]
[PlyCount "128"]

1. e4 e5 2. Nf3 Nc6 3. Bb5 a6 4. Ba4 Nf6 5. O-O Bc5 6. Bxc6 dxc6 7. d3 Bg4 8. Nbd2 Nd7 9. h3 Bh5 10. Nc4 Qe7 11. Be3 Bd6 12. a4 a5 13. Bd2 b6 14. Ne3 f6 15. Nf5 Qf7 16. Ng3 Bg6 17. Nh4 Nc5 18. f4 exf4 19. Bxf4 Bxf4 20. Rxf4 Qd7 21. Kh1 Ne6 22. Rf1 O-O-O 23. Qd2 c5 24. b3 Kb7 25. Rf2 Nd4 26. Raf1 Nc6 27. Qf4 Bf7 28. Nhf5 Be6 29. Ne3 Rdf8 30. Ngf5 Ne5 31. Qg3 Rhg8 32. Qh4 h6 33. Qg3 h5 34. Nh4 Qe8 35. Nf3 Nc6 36. Nd5 Qd8 37. Nf4 Bf7 38. Ng6 Re8 39. Nfh4 Qd7 40. Rf4 Nb4 41. R1f2 c4 42. dxc4 Nxc2 43. e5 Nd4 44. exf6 gxf6 45. Rxf6 Ne2 46. Rxe2 Qd1+ 47. Kh2 Rxe2 48. Rxf7 Rc8 49. Ne7 Ka6 50. Nf3 Rd8 51. Nd5 h4 52. Nxc7+ Kb7 53. Nb5+ Rd7 54. Rxd7+ Qxd7 55. Nxh4 Rb2 56. Nf5 Ka6 57. Qf3 Qd8 58. Nfd6 Qb8 59. c5 Rc2 60. c6 Qg8 61. Nc7+ Ka7 62. Ndb5+ Kb8 63. Na6+ Kc8 64. Qf5+ 1-0

[Event "World Blitz 2023"]
[Site "Samarkand UZB"]
[Date "2023.12.30"]
[Round "14.6"]
[White "Alexander Riazantsev"]
[Black "Jan-Krzysztof Duda"]
[Result "1/2-1/2"]
[EventDate "2023.12.29"]
[WhiteElo "2621"]
[BlackElo "2775"]
[PlyCount "90"]

1. d4 Nf6 2. c4 g6 3. Nc3 d5 4. cxd5 Nxd5 5. e4 Nxc3 6. bxc3 Bg7 7. Nf3 c5 8. Bb5+ Nc6 9. O-O O-O 10. Bxc6 bxc6 11. Qc2 cxd4 12. cxd4 Bg4 13. Ne5 Qxd4 14. Bb2 Qb6 15. Rab1 Bxe5 16. Bxe5 Qa5 17. Bc3 Qc5 18. Rfc1 a5 19. Qd2 Qd6 20. Qh6 f6 21. h3 Be2 22. e5 Qd7 23. Re1 Bc4 24. exf6 exf6 25. Qh4 Bxa2 26. Ra1 Qf7 27. Rec1 a4 28. Bxf6 Qxf6 29. Qxf6 Rxf6 30. Rxa2 Rf4 31. Rxc6 Rb4 32. g3 Kf7 33. Rc7+ Kf6 34. Kg2 h5 35. Rc6+ Kg7 36. Rd2 Rb7 37. Rdd6 a3 38. Rxg6+ Kf8 39. Rh6 Raa7 40. Rhf6+ Ke8 41. Rfe6+ Kd8 42. Red6+ Ke7 43. Re6+ Kd7 44. Red6+ Ke8 45. Re6+ 1/2-1/2

[Event "World Blitz 2023"]
[Site "Samarkand UZB"]
[Date "2023.12.30"]
[Round "15.6"]
[White "Jan-Krzysztof Duda"]
[Black "Arseniy Nesterov"]
[Result "1/2-1/2"]
[EventDate "2023.12.29"]
[WhiteElo "2775"]
[BlackElo "2488"]
[PlyCount "188"]

1. d4 d5 2. c4 e6 3. Nf3 Nf6 4. Nc3 c6 5. Bg5 dxc4 6. e4 b5 7. e5 h6 8. Bh4 g5 9. Nxg5 hxg5 10. Bxg5 Be7 11. exf6 Bxf6 12. Be3 c5 13. Qf3 cxd4 14. O-O-O Nc6 15. Nxb5 Bd7 16. Nxd4 Ne5 17. Qe4 Rc8 18. f4 Ng4 19. Nb5 Nxe3 20. Nd6+ Kf8 21. Qxe3 Rb8 22. Nxc4 Qc7 23. Kb1 Rh5 24. Be2 Rc5 25. Ne5 Bxe5 26. fxe5 Rxe5 27. Qa3+ Ke8 28. Rd2 Ra5 29. Qe3 Qe5 30. Qxe5 Rxe5 31. Bf3 Ke7 32. Rhd1 Bb5 33. Rc1 Kf6 34. b3 a5 35. Kb2 a4 36. Rc3 Be8 37. Rd4 axb3 38. axb3 Re1 39. Rf4+ Ke5 40. Rfc4 Rf1 41. Rc2 Bb5 42. Rc7 f5 43. Be2 Rf2 44. R7c5+ Kd4 45. Rxb5 Rh8 46. Rb4+ Ke3 47. Bf3 Rxc2+ 48. Kxc2 e5 49. h3 e4 50. Bd1 Rg8 51. g4 f4 52. Rc4 f3 53. Rc3+ Kf4 54. Kd2 Rd8+ 55. Ke1 e3 56. Bxf3 Kxf3 57. Rc7 Rd3 58. Rf7+ Kg3 59. Ke2 Rxb3 60. Rf3+ Kh4 61. Rxe3 Rb2+ 62. Kd3 Rb4 63. Kc3 Ra4 64. Rd3 Re4 65. Kd2 Ra4 66. Ke2 Rf4 67. Rf3 Ra4 68. Re3 Rf4 69. Rf3 Ra4 70. Kf2 Rb4 71. Kg2 Rb2+ 72. Rf2 Rb3 73. Rf3 Rb2+ 74. Kf1 Ra2 75. Ke1 Rb2 76. Kf1 Ra2 77. Kg1 Rb2 78. Rd3 Ra2 79. Kf1 Rb2 80. Ke1 Rh2 81. Kd1 Rg2 82. Kc1 Rf2 83. Rd2 Rf1+ 84. Rd1 Rf2 85. Rd3 Rg2 86. Kd1 Ra2 87. Rc3 Rh2 88. Ke1 Ra2 89. Kf1 Rb2 90. Re3 Ra2 91. Re2 Ra1+ 92. Kg2 Ra3 93. Re8 Rg3+ 94. Kf2 Rxh3 1/2-1/2

[Event "World Blitz 2023"]
[Site "Samarkand UZB"]
[Date "2023.12.30"]
[Round "16.6"]
[White "Raunak Sadhwani"]
[Black "Jan-Krzysztof Duda"]
[Result "0-1"]
[EventDate "2023.12.29"]
[WhiteElo "2668"]
[BlackElo "2775"]
[PlyCount "96"]

1. e4 c5 2. Nf3 d6 3. Bb5+ Nd7 4. Be2 Ngf6 5. d3 b5 6. a4 b4 7. O-O Bb7 8. Nbd2 e6 9. b3 Be7 10. Bb2 O-O 11. e5 dxe5 12. Nxe5 Nxe5 13. Bxe5 Qd5 14. Bf3 Qxe5 15. Bxb7 Rad8 16. Nc4 Qc7 17. Bf3 g6 18. Qe2 Ne8 19. Rad1 Bf6 20. g3 Ng7 21. Be4 Bd4 22. Kh1 f5 23. Bg2 e5 24. Ne3 Qd6 25. Nc4 Qc7 26. Nd2 Nh5 27. Nf3 Bc3 28. Qe3 Nf6 29. Nd2 Kg7 30. Nc4 Rfe8 31. Qe2 h5 32. Qf3 h4 33. Ne3 Rh8 34. g4 e4 35. dxe4 fxe4 36. Qh3 Qf4 37. Rxd8 Rxd8 38. g5 Qxg5 39. Rg1 Qf4 40. Bf1 g5 41. Bc4 Be5 42. Nf5+ Kf8 43. Ne3 Kg7 44. Rg2 Kg6 45. Qe6 Bd4 46. Qf7+ Kh6 47. Qe6 Bxe3 48. fxe3 Rd1+ 0-1

[Event "World Blitz 2023"]
[Site "Samarkand UZB"]
[Date "2023.12.30"]
[Round "17.2"]
[White "Jan-Krzysztof Duda"]
[Black "Vladislav Artemiev"]
[Result "1/2-1/2"]
[EventDate "2023.12.29"]
[WhiteElo "2775"]
[BlackElo "2799"]
[PlyCount "110"]

1. d4 Nf6 2. c4 e6 3. Nf3 d5 4. Nc3 Nbd7 5. Qc2 c6 6. e4 dxe4 7. Nxe4 Nxe4 8. Qxe4 Bb4+ 9. Bd2 Bxd2+ 10. Nxd2 O-O 11. Bd3 Nf6 12. Qe3 e5 13. dxe5 Ng4 14. Qg3 Qd4 15. Be4 Qxb2 16. Rb1 Qxe5 17. O-O Qxg3 18. hxg3 Rd8 19. Rb2 Be6 20. Rc1 Rd7 21. Nb3 Rad8 22. Bf3 b6 23. Bxg4 Bxg4 24. f3 Be6 25. Kf2 c5 26. a4 Rd1 27. Rcc2 g6 28. g4 Kg7 29. a5 R1d3 30. axb6 axb6 31. Nd2 R3d4 32. Ke3 R8d6 33. Rc3 h5 34. gxh5 gxh5 35. Ne4 Rc6 36. Rcb3 Rxc4 37. Rxb6 Rxb6 38. Rxb6 Rc2 39. g3 c4 40. Kf4 Rc1 41. Rc6 Bd5 42. Rc5 Bxe4 43. Kxe4 c3 44. Rxh5 c2 45. Kd3 Rf1 46. Kxc2 Rxf3 47. Rg5+ Kf6 48. Rg8 Re3 49. Kd2 Re7 50. Rg4 Kf5 51. Rf4+ Kg5 52. Kd3 f5 53. Kd2 Re8 54. Rd4 Re5 55. Rf4 Re4 1/2-1/2

[Event "World Blitz 2023"]
[Site "Samarkand UZB"]
[Date "2023.12.30"]
[Round "18.1"]
[White "Jan-Krzysztof Duda"]
[Black "Magnus Carlsen"]
[Result "0-1"]
[EventDate "2023.12.29"]
[WhiteElo "2775"]
[BlackElo "2887"]
[PlyCount "162"]

1. e4 e5 2. Nf3 Nc6 3. Bb5 a6 4. Ba4 Nf6 5. O-O Be7 6. Re1 b5 7. Bb3 O-O 8. a4 b4 9. d4 d6 10. dxe5 dxe5 11. Nbd2 Bc5 12. h3 Qe7 13. a5 h6 14. Qe2 Be6 15. Bxe6 Qxe6 16. Nb3 Ba7 17. Be3 Bxe3 18. Qxe3 Rfd8 19. Qe2 Nh5 20. Nc5 Nf4 21. Nxe6 Nxe2+ 22. Kf1 Ng3+ 23. fxg3 fxe6 24. Red1 Kf7 25. Ke2 Rxd1 26. Rxd1 Ke7 27. g4 Rb8 28. Ke3 Rb5 29. g5 hxg5 30. Nxg5 b3 31. Rc1 Nxa5 32. Nf3 Nc4+ 33. Ke2 bxc2 34. Rxc2 Rxb2 35. Rxb2 Nxb2 36. Nxe5 Kd6 37. Nf7+ Ke7 38. Ne5 Na4 39. h4 Nc5 40. Ke3 Nd7 41. Nc4 e5 42. g4 Ke6 43. g5 g6 44. Kf3 Nc5 45. Na5 Nd3 46. Ke3 Nf4 47. Kf3 c5 48. Nc4 Nd3 49. Ke3 Nb4 50. Na5 Nc2+ 51. Kd3 Nd4 52. Nb7 Nf3 53. Nxc5+ Kd6 54. Nxa6 Nxh4 55. Ke3 Ng2+ 56. Kf3 Nf4 57. Nb8 Ne6 58. Na6 Nxg5+ 59. Ke3 Ne6 60. Nb4 Nc5 61. Nd5 Ke6 62. Kf3 Kf7 63. Ke3 Kg7 64. Ne7 Kf6 65. Nc6 Ne6 66. Kf2 Nd4 67. Nb4 Nb5 68. Nd3 Nd6 69. Kf3 Nf7 70. Nc5 Kg5 71. Kg3 Nd6 72. Kf3 Kh4 73. Nd7 Nf7 74. Nf6 Kh3 75. Kf2 g5 76. Nh5 Kg4 77. Nf6+ Kf4 78. Kg2 Nd6 79. Nh5+ Kxe4 80. Kg3 Kf5 81. Ng7+ Kf6 0-1

[Event "World Blitz 2023"]
[Site "Samarkand UZB"]
[Date "2023.12.30"]
[Round "19.7"]
[White "Mahammad Muradli"]
[Black "Jan-Krzysztof Duda"]
[Result "0-1"]
[EventDate "2023.12.29"]
[WhiteElo "2551"]
[BlackElo "2775"]
[PlyCount "64"]

1. d4 Nf6 2. c4 g6 3. Nc3 d5 4. cxd5 Nxd5 5. e4 Nxc3 6. bxc3 Bg7 7. Nf3 c5 8. Bb5+ Bd7 9. Bxd7+ Nxd7 10. O-O O-O 11. a4 Rc8 12. Rb1 b6 13. Qe2 e6 14. Rd1 Qc7 15. Ba3 Rfd8 16. a5 bxa5 17. Qa6 Rb8 18. h4 Nf6 19. Qe2 Qc6 20. Rxb8 Rxb8 21. d5 exd5 22. exd5 Nxd5 23. Qe4 Nb4 24. Qf4 Re8 25. cxb4 axb4 26. Bc1 c4 27. Ng5 Bf6 28. Rf1 b3 29. h5 c3 30. hxg6 fxg6 31. Ba3 b2 32. Nf3 c2 0-1

[Event "World Blitz 2023"]
[Site "Samarkand UZB"]
[Date "2023.12.30"]
[Round "21.10"]
[White "Jan-Krzysztof Duda"]
[Black "Parham Maghsoodloo"]
[Result "1-0"]
[EventDate "2023.12.29"]
[WhiteElo "2732"]
[BlackElo "2742"]
[PlyCount "54"]

1. Nf3 d5 2. c4 d4 3. b4 c5 4. Bb2 Nf6 5. g3 Nbd7 6. bxc5 e5 7. Bg2 Bxc5 8. O-O O-O 9. e3 dxe3 10. fxe3 Re8 11. Qc2 h6 12. Nc3 Bd6 13. Nh4 a6 14. Rad1 Bf8 15. Nd5 Nxd5 16. Bxd5 Nf6 17. Rxf6 gxf6 18. Qg6+ Bg7 19. Bxf7+ Kh8 20. Bxe8 Bh3 21. Bf7 Qd7 22. Bd5 Rc8 23. Be4 Kg8 24. Nf5 Rxc4 25. Bd5+ Kh8 26. Bxc4 Bxf5 27. Qf7 1-0

[Event "World Blitz 2023"]
[Site "Samarkand UZB"]
[Date "2023.12.29"]
[Round "1.5"]
[White "Jan-Krzysztof Duda"]
[Black "Van Foreest, Lucas"]
[Result "1-0"]
[EventDate "2023.12.29"]
[WhiteElo "2775"]
[BlackElo "2519"]
[PlyCount "120"]

1. e4 e5 2. Nf3 Nc6 3. Bb5 Nf6 4. d3 d6 5. O-O a6 6. Bxc6+ bxc6 7. Re1 c5 8. c3 Be7 9. d4 cxd4 10. cxd4 exd4 11. Nxd4 Bd7 12. Nc3 O-O 13. h3 Re8 14. Bf4 Bf8 15. Qc2 h6 16. Rad1 Rb8 17. e5 dxe5 18. Bxe5 Bd6 19. Bxd6 Rxe1+ 20. Rxe1 cxd6 21. Qd2 Qa5 22. Rd1 Qb4 23. Nc2 Qxb2 24. Rb1 Qxb1+ 25. Nxb1 Rxb1+ 26. Ne1 Be6 27. a3 Ne4 28. Qe3 Nc5 29. Kh2 Rb3 30. Qd4 Rxa3 31. Qxd6 Rc3 32. Nf3 Nd7 33. Qxa6 Nf6 34. Nd4 Bd7 35. Qa8+ Rc8 36. Qf3 Rd8 37. Qf4 Re8 38. f3 Rc8 39. g4 Rc4 40. Kg3 Rc3 41. Qe5 Rc8 42. Kf2 Re8 43. Qd6 Rc8 44. Ne2 Rc2 45. Ke3 Rc6 46. Qd4 Re6+ 47. Kf2 Re8 48. Nf4 Ra8 49. h4 Ra2+ 50. Kg3 Ra5 51. Qc3 Rb5 52. Qe3 Ra5 53. Qd4 Rb5 54. Nd3 Rd5 55. Qe3 Rb5 56. Ne5 Be6 57. Qd4 Rb3 58. Qd8+ Kh7 59. Qd1 Rb5 60. Qd3+ 1-0

[Event "World Blitz 2023"]
[Site "Samarkand UZB"]
[Date "2023.12.29"]
[Round "2.3"]
[White "M Amin Tabatabaei"]
[Black "Jan-Krzysztof Duda"]
[Result "1/2-1/2"]
[EventDate "2023.12.29"]
[WhiteElo "2573"]
[BlackElo "2775"]
[PlyCount "118"]

1. e4 e5 2. Nf3 Nc6 3. Bc4 Bc5 4. d3 Nf6 5. O-O O-O 6. h3 h6 7. Re1 d6 8. c3 a5 9. Nbd2 Bb6 10. Nf1 Be6 11. Bb5 Ne7 12. Ng3 c6 13. Ba4 c5 14. Bb3 Qd7 15. a4 Nc6 16. Bc4 Bc7 17. Nh4 d5 18. exd5 Bxd5 19. Bb5 Rad8 20. Nhf5 Kh7 21. Ne3 Be6 22. Qf3 Nd5 23. Ne4 Qe7 24. Nxd5 Bxd5 25. Qf5+ Kg8 26. Be3 Bb6 27. Rad1 Be6 28. Qh5 f5 29. Bxc6 bxc6 30. Ng3 f4 31. Qxe5 fxe3 32. Rxe3 Rf6 33. Nh5 Re8 34. Nxf6+ Qxf6 35. Qd6 c4 36. d4 Bf7 37. Rxe8+ Bxe8 38. Qxf6 gxf6 39. Re1 Kf7 40. g4 Bc7 41. Kg2 Bd7 42. Kf3 Be6 43. Ke3 Kg6 44. f4 Bd5 45. Rf1 Bd6 46. Rg1 Kf7 47. h4 Be6 48. g5 hxg5 49. hxg5 f5 50. Rh1 Bf8 51. Rh7+ Bg7 52. Rh1 Bd5 53. Rh2 Kg8 54. Rh3 Be4 55. Rh2 Bf8 56. Kd2 Bd5 57. Ke3 Be4 58. Kd2 Bd5 59. Ke3 Be4 1/2-1/2

[Event "World Blitz 2023"]
[Site "Samarkand UZB"]
[Date "2023.12.29"]
[Round "3.20"]
[White "Jan-Krzysztof Duda"]
[Black "Nodirbek Yakubboev"]
[Result "1-0"]
[EventDate "2023.12.29"]
[WhiteElo "2775"]
[BlackElo "2582"]
[PlyCount "64"]

1. e4 e5 2. Nf3 Nc6 3. Bb5 a6 4. Ba4 Nf6 5. d3 b5 6. Bb3 Bc5 7. Nc3 h6 8. Nd5 d6 9. c3 Be6 10. O-O Ba7 11. a4 O-O 12. Be3 Bxe3 13. Nxe3 Qd7 14. Bc2 d5 15. exd5 Nxd5 16. Re1 Nf4 17. g3 Ng6 18. h4 Nge7 19. Qe2 Rfe8 20. Rad1 Nd5 21. d4 Nxe3 22. Qxe3 exd4 23. Nxd4 Bg4 24. Qd3 g6 25. Bb3 Rxe1+ 26. Rxe1 Nxd4 27. Qxg6+ Kf8 28. Qxh6+ Kg8 29. cxd4 Bf5 30. Qg5+ Kf8 31. Qf6 Bh7 32. Re5 1-0

[Event "World Blitz 2023"]
[Site "Samarkand UZB"]
[Date "2023.12.29"]
[Round "4.9"]
[White "Ruslan Ponomariov"]
[Black "Jan-Krzysztof Duda"]
[Result "0-1"]
[EventDate "2023.12.29"]
[WhiteElo "2613"]
[BlackElo "2775"]
[PlyCount "62"]

1. d4 Nf6 2. c4 e6 3. Nc3 Bb4 4. e3 c5 5. Ne2 d5 6. a3 Ba5 7. dxc5 dxc4 8. Qxd8+ Bxd8 9. Ng3 Nbd7 10. Bxc4 Nxc5 11. b4 Ncd7 12. Bb2 Nb6 13. Bb3 Bd7 14. Ke2 Rc8 15. Rac1 O-O 16. Rhd1 Nc4 17. Bxc4 Rxc4 18. f3 Be7 19. Nge4 Rd8 20. Nxf6+ gxf6 21. Ne4 Bb5 22. Rxd8+ Bxd8 23. Rxc4 Bxc4+ 24. Kd2 f5 25. Nf6+ Kg7 26. Nd7+ f6 27. Bd4 b6 28. g3 Bb5 29. Nb8 Bc7 30. a4 Bxa4 31. Na6 Bd6 0-1

[Event "World Blitz 2023"]
[Site "Samarkand UZB"]
[Date "2023.12.29"]
[Round "5.5"]
[White "Jan-Krzysztof Duda"]
[Black "Volodar Murzin"]
[Result "1-0"]
[EventDate "2023.12.29"]
[WhiteElo "2775"]
[BlackElo "2591"]
[PlyCount "58"]

1. e4 e5 2. Nf3 Nc6 3. Bb5 Nf6 4. d3 Bc5 5. Bxc6 dxc6 6. O-O Bg4 7. h3 Bh5 8. g4 Nxg4 9. hxg4 Bxg4 10. Be3 Be7 11. Kg2 f5 12. Qe1 Qd6 13. Nh2 Qg6 14. f3 Bh5+ 15. Kh1 f4 16. Bd2 O-O-O 17. Qf2 c5 18. Rg1 Qe6 19. Rxg7 Rdg8 20. Rg2 Qh3 21. Qf1 Qe6 22. Nc3 Rg3 23. Ne2 Rh3 24. Ng1 Rg3 25. Be1 Rhg8 26. Bxg3 fxg3 27. Ne2 gxh2 28. Rxg8+ Qxg8 29. Qh3+ 1-0

[Event "World Blitz 2023"]
[Site "Samarkand UZB"]
[Date "2023.12.29"]
[Round "7.3"]
[White "Jan-Krzysztof Duda"]
[Black "Sanan Sjugirov"]
[Result "0-1"]
[EventDate "2023.12.29"]
[WhiteElo "2775"]
[BlackElo "2569"]
[PlyCount "106"]

1. e4 e5 2. Nf3 Nc6 3. Bb5 a6 4. Ba4 Nf6 5. O-O Be7 6. Re1 b5 7. Bb3 d6 8. c3 O-O 9. h3 Bb7 10. d4 Re8 11. a3 Bf8 12. Nbd2 h6 13. Ba2 Nb8 14. Qb3 Re7 15. dxe5 dxe5 16. c4 Qe8 17. cxb5 axb5 18. Nh4 c5 19. Nf5 Rc7 20. Qg3 Kh7 21. Qh4 Nbd7 22. Nf3 c4 23. Bb1 Ra6 24. Bc2 Kg8 25. Bd2 Nc5 26. Rad1 Nfd7 27. Re2 Rg6 28. Ba5 Rcc6 29. Red2 Rcf6 30. Bb4 Bc6 31. Qh5 Kh7 32. N5h4 Rf4 33. Nxg6 fxg6 34. Ng5+ Kg8 35. Qe2 hxg5 36. Qe3 Bxe4 37. Bxe4 Rxe4 38. Qg3 Nd3 39. Bc3 Bc5 40. Qxg5 Qf7 41. Rf1 Rf4 42. Kh2 Bxf2 43. Rfd1 Be3 44. Qd8+ Kh7 45. Re2 Bb6 46. Qg5 Bc7 47. Bd2 Rf5 48. Qh4+ Kg8 49. Qe4 N7c5 50. Qa8+ Kh7 51. Kg1 e4 52. Be3 Qe7 53. Qc6 Qe5 0-1

[Event "World Blitz 2023"]
[Site "Samarkand UZB"]
[Date "2023.12.29"]
[Round "8.8"]
[White "Zhamsaran Tsydypov"]
[Black "Jan-Krzysztof Duda"]
[Result "1-0"]
[EventDate "2023.12.29"]
[WhiteElo "2626"]
[BlackElo "2775"]
[PlyCount "112"]

1. e4 c5 2. Nf3 Nf6 3. e5 Nd5 4. Nc3 Nxc3 5. dxc3 Nc6 6. Bf4 Qb6 7. Rb1 e6 8. Bd3 Qc7 9. O-O f5 10. Re1 Be7 11. Nd2 O-O 12. Nc4 b6 13. Nd6 Bxd6 14. exd6 Qd8 15. b4 cxb4 16. cxb4 Bb7 17. c4 Rc8 18. a3 Qf6 19. Bf1 h6 20. b5 Na5 21. Rb4 Be4 22. f3 Ba8 23. Be5 Qg5 24. f4 Qg4 25. Qd4 Rf7 26. Re3 Kh7 27. Rg3 Qh4 28. Be2 Rg8 29. Qf2 Qd8 30. Ra4 Be4 31. Rxa5 bxa5 32. Qxa7 g5 33. Bh5 Rff8 34. c5 gxf4 35. Bxf4 Rxg3 36. hxg3 Rg8 37. c6 Qf6 38. cxd7 Rg7 39. Qc7 Qd4+ 40. Kf1 Bd3+ 41. Ke1 Bxb5 42. d8=Q Qe4+ 43. Kf2 Qd4+ 44. Be3 Qb2+ 45. Kg1 Qa1+ 46. Kh2 Qe5 47. Bf4 Qd4 48. Qce7 Bc6 49. Qxe6 Be4 50. Qa2 Bd5 51. Qe2 Be4 52. Bf3 Qd5 53. Bxe4 fxe4 54. Qh4 Rg6 55. Qeh5 Qe6 56. Bxh6 1-0

[Event "World Blitz 2023"]
[Site "Samarkand UZB"]
[Date "2023.12.29"]
[Round "9.20"]
[White "Jan-Krzysztof Duda"]
[Black "Renato Terry"]
[Result "1/2-1/2"]
[EventDate "2023.12.29"]
[WhiteElo "2775"]
[BlackElo "2578"]
[PlyCount "200"]

1. Nf3 b6 2. c4 Bb7 3. d4 e6 4. a3 Nf6 5. Bf4 Bd6 6. Bg3 Bxg3 7. hxg3 d6 8. Nc3 Nbd7 9. Qc2 Qe7 10. e3 h6 11. Nb5 Qd8 12. Bd3 a6 13. Nc3 Qe7 14. O-O-O O-O-O 15. Kb1 Kb8 16. e4 e5 17. Nd5 Qe8 18. Rhe1 c6 19. Nxf6 Nxf6 20. c5 dxc5 21. dxc5 b5 22. Qc3 Ng4 23. Rd2 Qe7 24. Red1 Bc8 25. Bc2 f6 26. Nh4 Rxd2 27. Rxd2 Rd8 28. f3 Nh2 29. Nf5 Bxf5 30. exf5 Nf1 31. Rxd8+ Qxd8 32. Qe1 Nd2+ 33. Kc1 Nc4 34. Qc3 Na5 35. Be4 Qc7 36. b3 Nb7 37. b4 Qd7 38. Kc2 Kc7 39. Qd3 Qf7 40. Qb3 Qxb3+ 41. Kxb3 a5 42. Kc3 axb4+ 43. axb4 Nd8 44. Kd2 Kd7 45. Ke3 Ke7 46. f4 exf4+ 47. gxf4 Kf7 48. Kf3 Kg8 49. Kg4 Kh8 50. Kh5 Kg8 51. Kg6 Kf8 52. Bc2 Nf7 53. Bb3 Nh8+ 54. Kh7 Nf7 55. Kg6 Nh8+ 56. Kh5 Ke7 57. Be6 Ke8 58. g3 Ke7 59. Bb3 Ke8 60. Bd1 Nf7 61. Kg6 Kf8 62. Bf3 Nd8 63. Kh7 Kf7 64. Be4 Kf8 65. Bc2 Kf7 66. Bb3+ Kf8 67. Be6 Nf7 68. Bd7 Nd8 69. Kg6 Kg8 70. Be6+ Kf8 71. Bb3 Nb7 72. g4 Nd8 73. Ba2 Nb7 74. g5 hxg5 75. fxg5 fxg5 76. Kxg5 Nd8 77. Kg6 Nb7 78. Bb3 Ke7 79. Kg5 Kf8 80. Ba2 Ke7 81. Bb3 Kf8 82. Kg6 Nd8 83. Ba2 Nb7 84. Bb3 Nd8 85. Kh5 Ke7 86. Kg5 Nb7 87. Kg6 Kf8 88. f6 gxf6 89. Kxf6 Nd8 90. Bc2 Ke8 91. Bf5 Nb7 92. Bc8 Nd8 93. Bh3 Nb7 94. Bf5 Kd8 95. Ke6 Kc7 96. Ke7 Nd8 97. Bg6 Nb7 98. Bf7 Nd8 99. Bb3 Nb7 100. Be6 1/2-1/2

[Event "World Blitz 2023"]
[Site "Samarkand UZB"]
[Date "2023.12.29"]
[Round "10.21"]
[White "B Adhiban"]
[Black "Jan-Krzysztof Duda"]
[Result "0-1"]
[EventDate "2023.12.29"]
[WhiteElo "2576"]
[BlackElo "2775"]
[PlyCount "72"]

1. e4 c5 2. Nc3 g6 3. d4 cxd4 4. Qxd4 Nf6 5. Nf3 Nc6 6. Qa4 d6 7. e5 dxe5 8. Nxe5 Bd7 9. Nxd7 Nxd7 10. Be3 Bg7 11. Be2 Bxc3+ 12. bxc3 Qa5 13. Qb3 Nc5 14. Qc4 Na4 15. O-O Nxc3 16. Bf3 Ne5 17. Qf4 Nxf3+ 18. Qxf3 Qd5 19. Qg4 O-O 20. Bh6 Rfe8 21. Rfe1 Qc5 22. h4 Rad8 23. Be3 Qc7 24. Bf4 Rd4 25. Qxg6+ hxg6 26. Bxc7 Rxh4 27. Be5 Rc4 28. Re3 Nd5 29. Rd3 e6 30. Re1 Rxc2 31. a4 Rec8 32. Rdd1 b6 33. g3 f6 34. Bd6 Kf7 35. Kg2 g5 36. Rh1 Ne3+ 0-1

[Event "World Blitz 2023"]
[Site "Samarkand UZB"]
[Date "2023.12.29"]
[Round "11.12"]
[White "Jan-Krzysztof Duda"]
[Black "Chithambaram Vr Aravindh"]
[Result "1-0"]
[EventDate "2023.12.29"]
[WhiteElo "2775"]
[BlackElo "2584"]
[PlyCount "88"]

1. c4 e6 2. Nf3 d5 3. g3 Nf6 4. Bg2 Be7 5. O-O O-O 6. d4 a5 7. Nc3 c6 8. b3 b6 9. Bb2 Ba6 10. Nd2 b5 11. c5 b4 12. Na4 Nbd7 13. Re1 Bb5 14. Qc2 Qc7 15. Rad1 Rad8 16. f4 Qa7 17. Bc1 Qa6 18. Bf3 g6 19. Nb2 Rfe8 20. Nf1 Ne4 21. Bxe4 dxe4 22. Qxe4 f5 23. Qc2 Nf6 24. Nc4 Ne4 25. Bb2 Bf6 26. e3 a4 27. Nfd2 Nxd2 28. Rxd2 Bxc4 29. Qxc4 Qxc4 30. bxc4 Kf7 31. Bc1 Ra8 32. Rb2 Reb8 33. Bd2 b3 34. Ra1 Be7 35. axb3 a3 36. Rbb1 a2 37. Rb2 Ra3 38. b4 Rba8 39. Kf2 g5 40. b5 gxf4 41. gxf4 cxb5 42. cxb5 e5 43. fxe5 f4 44. b6 fxe3+ 1-0

[Event "World Rapid 2023"]
[Site "Samarkand UZB"]
[Date "2023.12.28"]
[Round "10.48"]
[White "V Pranav"]
[Black "Jan-Krzysztof Duda"]
[Result "0-1"]
[EventDate "2023.12.26"]
[WhiteElo "2611"]
[BlackElo "2732"]
[PlyCount "68"]

1. e4 c5 2. Nf3 d6 3. d4 cxd4 4. Nxd4 Nf6 5. Nc3 a6 6. h3 e5 7. Nf3 Be7 8. g4 Be6 9. g5 Nfd7 10. Be3 O-O 11. h4 Nb6 12. Qd2 N8d7 13. O-O-O Rc8 14. Rg1 Nc5 15. h5 Qd7 16. b3 Rc7 17. Kb1 Rfc8 18. g6 fxg6 19. hxg6 h6 20. Rh1 Nxb3 21. cxb3 Rxc3 22. Bxb6 Bxb3 23. Bh3 Qb5 24. Bxc8 Bxd1+ 25. Ka1 Rc2 26. Qd5+ Qxd5 27. exd5 Bxf3 28. Be6+ Kf8 29. Rh3 Be4 30. Rb3 Bf6 31. Be3 Bd3 32. Kb1 e4 33. Bf4 Ke7 34. f3 Rc4+ 0-1

[Event "World Rapid 2023"]
[Site "Samarkand UZB"]
[Date "2023.12.28"]
[Round "11.32"]
[White "Jan-Krzysztof Duda"]
[Black "Igor Lysyj"]
[Result "1-0"]
[EventDate "2023.12.26"]
[WhiteElo "2732"]
[BlackElo "2589"]
[PlyCount "68"]

1. e4 e5 2. Nf3 Nc6 3. Bb5 a6 4. Ba4 Nf6 5. O-O Nxe4 6. d4 b5 7. Bb3 d5 8. dxe5 Be6 9. c3 Bc5 10. Nbd2 O-O 11. Bc2 Nxf2 12. Rxf2 Bxf2+ 13. Kxf2 f6 14. Kg1 fxe5 15. Nf1 Bg4 16. Ne3 Be6 17. b3 d4 18. cxd4 Nxd4 19. Nxd4 Qxd4 20. Rb1 Rad8 21. Qe1 Bf5 22. Bb2 Qb6 23. Bxf5 Rxf5 24. Kh1 Rf7 25. h3 Rfd7 26. Rc1 e4 27. b4 Qe6 28. Qh4 Rf8 29. Rc5 Qxa2 30. Bc3 Qf2 31. Qxe4 Rdf7 32. Rg5 h6 33. Rg6 Qe2 34. Rxh6 1-0

[Event "World Rapid 2023"]
[Site "Samarkand UZB"]
[Date "2023.12.28"]
[Round "12.20"]
[White "Aleksandar Indjic"]
[Black "Jan-Krzysztof Duda"]
[Result "1/2-1/2"]
[EventDate "2023.12.26"]
[WhiteElo "2589"]
[BlackElo "2732"]
[PlyCount "180"]

1. c4 Nf6 2. Nc3 e5 3. Nf3 Nc6 4. e3 Bb4 5. Qc2 O-O 6. Nd5 Re8 7. Qf5 Be7 8. Ng5 g6 9. Qh3 Nh5 10. g4 Bxg5 11. gxh5 d6 12. Qg2 Bh4 13. Bd3 Ne7 14. Rg1 Nf5 15. Bxf5 Bxf5 16. e4 Be6 17. d3 c6 18. Nc3 Qb6 19. Qf3 Rad8 20. Rg2 d5 21. cxd5 cxd5 22. exd5 Bxd5 23. Nxd5 e4 24. Qxf7+ Kxf7 25. Nxb6 exd3+ 26. Kd1 axb6 27. hxg6+ hxg6 28. Be3 d2 29. Ke2 Bf6 30. Rd1 Bxb2 31. Rxd2 Rxd2+ 32. Kxd2 Re4 33. Kc2 Be5 34. Kb3 b5 35. h3 Rh4 36. Rg4 Rxh3 37. Kb4 Rh5 38. Bc5 Rf5 39. Rg1 Bc3+ 40. Kxc3 Rxc5+ 41. Kd3 Kf6 42. Rh1 Ke5 43. Rh7 b6 44. Re7+ Kd6 45. Rb7 Kc6 46. Rg7 g5 47. a3 Rf5 48. Ke4 Rf4+ 49. Ke3 Rf5 50. Ke4 Rxf2 51. Rxg5 Rd2 52. Ke3 Rd1 53. Rh5 Rd8 54. Rg5 Rd7 55. Rh5 Ra7 56. Kd2 Rxa3 57. Kc2 b4 58. Kb2 Rc3 59. Rg5 Rc5 60. Rg4 Kb5 61. Kb3 Rc3+ 62. Kb2 Ka4 63. Rg8 Rb3+ 64. Ka2 Rd3 65. Ra8+ Kb5 66. Kb2 Rd5 67. Kb3 Rh5 68. Ra7 Rh8 69. Kb2 Rg8 70. Kb3 Rc8 71. Rh7 Rc3+ 72. Kb2 Ra3 73. Rh8 Rd3 74. Rh7 b3 75. Rh4 Ka5 76. Rg4 b5 77. Rh4 Kb6 78. Rh6+ Kc5 79. Rh5+ Kc4 80. Rh4+ Rd4 81. Rxd4+ Kxd4 82. Kxb3 Kc5 83. Kc3 b4+ 84. Kb3 Kb5 85. Kb2 Ka4 86. Ka2 b3+ 87. Kb2 Kb4 88. Kb1 Kc3 89. Kc1 b2+ 90. Kb1 Kb3 1/2-1/2

[Event "World Rapid 2023"]
[Site "Samarkand UZB"]
[Date "2023.12.28"]
[Round "13.22"]
[White "Jan-Krzysztof Duda"]
[Black "Vladislav Kovalev"]
[Result "1-0"]
[EventDate "2023.12.26"]
[WhiteElo "2732"]
[BlackElo "2582"]
[PlyCount "94"]

1. d4 Nf6 2. c4 e6 3. Nf3 b6 4. Bf4 Bb7 5. e3 Bb4+ 6. Nfd2 O-O 7. a3 Be7 8. Nc3 c5 9. d5 exd5 10. cxd5 Bxd5 11. Nxd5 Nxd5 12. Qf3 Nc7 13. Qb7 d6 14. Ne4 Nd7 15. O-O-O Rb8 16. Qxa7 Ne6 17. Nxd6 Nxf4 18. Nf5 Bf6 19. Qxd7 Ng6 20. Qxd8 Rfxd8 21. Be2 c4 22. Rxd8+ Rxd8 23. Bxc4 Rc8 24. b3 Ne5 25. Kb1 Nxc4 26. bxc4 g6 27. Nd6 Rc6 28. Nb5 Rxc4 29. Rc1 Ra4 30. Rc6 Be7 31. Kb2 Bc5 32. Kb3 Ra8 33. a4 h5 34. Nc7 Rd8 35. a5 Rd1 36. Na8 Rb1+ 37. Kc2 Rf1 38. Nxb6 Rxf2+ 39. Kd3 Bb4 40. a6 Ra2 41. Nd5 Be1 42. Nc7 Kg7 43. Nb5 Rd2+ 44. Kc4 Rc2+ 45. Kd5 Rb2 46. a7 Ra2 47. Rc8 1-0